[Event "Blitz 2018"]
[Site "Saint-Petersburg"]
[Date "2018.12.30"]
[Round "19"]
[Board "6"]
[White "Fedoseev Vladimir (RUS)"]
[Black "Gelfand Boris (ISR)"]
[Result "1/2-1/2"]
[LiveChessVersion "1.4.8"]
[BlackElo "2722"]
[WhiteElo "2750"]

1. d4 {[%clk 0:03:03]} Nf6 {[%clk 0:03:03]} 2. Nf3 {[%clk 0:03:03]} d5
{[%clk 0:03:05]} 3. c4 {[%clk 0:03:01]} e6 {[%clk 0:03:06]} 4. Nc3
{[%clk 0:03:02]} dxc4 {[%clk 0:03:07]} 5. e3 {[%clk 0:02:54]} a6 {[%clk 0:03:08]}
6. Bxc4 {[%clk 0:02:53]} b5 {[%clk 0:03:08]} 7. Be2 {[%clk 0:02:52]} Bb7
{[%clk 0:03:09]} 8. O-O {[%clk 0:02:51]} Nbd7 {[%clk 0:03:10]} 9. b3
{[%clk 0:02:48]} Be7 {[%clk 0:03:11]} 10. Bb2 {[%clk 0:02:46]} O-O
{[%clk 0:03:10]} 11. a4 {[%clk 0:02:10]} b4 {[%clk 0:03:11]} 12. Nb1
{[%clk 0:02:10]} c5 {[%clk 0:03:13]} 13. Nbd2 {[%clk 0:02:09]} a5
{[%clk 0:02:52]} 14. Rc1 {[%clk 0:02:08]} Rc8 {[%clk 0:02:53]} 15. Bb5
{[%clk 0:02:06]} cxd4 {[%clk 0:02:47]} 16. Nxd4 {[%clk 0:02:06]} Nc5
{[%clk 0:02:48]} 17. Qe2 {[%clk 0:02:01]} Nd5 {[%clk 0:02:41]} 18. Rfd1
{[%clk 0:01:49]} Qb6 {[%clk 0:02:37]} 19. Nc4 {[%clk 0:01:46]} Qa7
{[%clk 0:02:38]} 20. Ne5 {[%clk 0:01:45]} Qa8 {[%clk 0:02:38]} 21. e4
{[%clk 0:01:08]} Nc3 {[%clk 0:02:21]} 22. Bxc3 {[%clk 0:01:06]} bxc3
{[%clk 0:02:22]} 23. Rxc3 {[%clk 0:00:40]} Bf6 {[%clk 0:02:07]} 24. Ng4
{[%clk 0:00:27]} Bxd4 {[%clk 0:02:05]} 25. Rxd4 {[%clk 0:00:28]} Nxe4
{[%clk 0:02:06]} 26. Rxc8 {[%clk 0:00:28]} Rxc8 {[%clk 0:02:07]} 27. Bc4
{[%clk 0:00:28]} Bd5 {[%clk 0:02:00]} 28. Ne3 {[%clk 0:00:25]} Nf6
{[%clk 0:01:46]} 29. h3 {[%clk 0:00:26]} h6 {[%clk 0:01:41]} 30. Qd2
{[%clk 0:00:26]} Bc6 {[%clk 0:01:19]} 31. Qd3 {[%clk 0:00:26]} Qb8
{[%clk 0:01:17]} 32. Qd2 {[%clk 0:00:20]} Qb6 {[%clk 0:01:08]} 33. Rd3
{[%clk 0:00:14]} Ne4 {[%clk 0:01:03]} 34. Qd1 {[%clk 0:00:15]} Qb8
{[%clk 0:00:54]} 35. Rd4 {[%clk 0:00:12]} Nf6 {[%clk 0:00:51]} 36. Rd2
{[%clk 0:00:09]} Ne4 {[%clk 0:00:52]} 37. Rd4 {[%clk 0:00:10]} Nf6
{[%clk 0:00:53]} 38. Rd2 {[%clk 0:00:10]} Ne4 {[%clk 0:00:51]} 1/2-1/2

[Event "Blitz 2018"]
[Site "Saint-Petersburg"]
[Date "2018.12.30"]
[Round "19"]
[Board "7"]
[White "Matlakov Maxim (RUS)"]
[Black "Artemiev Vladislav (RUS)"]
[Result "1-0"]
[LiveChessVersion "1.4.8"]
[BlackElo "2825"]
[WhiteElo "2653"]

1. e4 {[%clk 0:03:03]} c5 {[%clk 0:03:03]} 2. Nf3 {[%clk 0:03:04]} d6
{[%clk 0:03:05]} 3. d4 {[%clk 0:03:00]} cxd4 {[%clk 0:03:05]} 4. Nxd4
{[%clk 0:03:01]} Nf6 {[%clk 0:03:06]} 5. Nc3 {[%clk 0:03:02]} a6 {[%clk 0:03:08]}
6. g3 {[%clk 0:03:03]} e6 {[%clk 0:03:08]} 7. Bg2 {[%clk 0:03:03]} Qc7
{[%clk 0:03:09]} 8. O-O {[%clk 0:03:02]} Be7 {[%clk 0:03:11]} 9. Be3
{[%clk 0:02:58]} O-O {[%clk 0:03:11]} 10. h3 {[%clk 0:02:51]} Nc6
{[%clk 0:03:11]} 11. Nxc6 {[%clk 0:02:50]} bxc6 {[%clk 0:03:12]} 12. Na4
{[%clk 0:02:51]} Rb8 {[%clk 0:03:05]} 13. c4 {[%clk 0:02:49]} c5 {[%clk 0:03:06]}
14. b3 {[%clk 0:02:49]} Bb7 {[%clk 0:03:06]} 15. Nc3 {[%clk 0:02:47]} Bc6
{[%clk 0:03:06]} 16. Qd3 {[%clk 0:02:44]} Ba8 {[%clk 0:02:29]} 17. Rad1
{[%clk 0:02:42]} Nd7 {[%clk 0:02:11]} 18. f4 {[%clk 0:02:42]} Rbd8
{[%clk 0:02:12]} 19. g4 {[%clk 0:02:34]} Nb8 {[%clk 0:02:09]} 20. g5
{[%clk 0:02:33]} Nc6 {[%clk 0:02:10]} 21. Kh1 {[%clk 0:02:26]} Rfe8
{[%clk 0:01:23]} 22. h4 {[%clk 0:02:27]} Bf8 {[%clk 0:01:22]} 23. h5
{[%clk 0:02:25]} g6 {[%clk 0:01:23]} 24. f5 {[%clk 0:01:40]} Ne5 {[%clk 0:00:54]}
25. Qe2 {[%clk 0:01:41]} Qc8 {[%clk 0:00:28]} 26. f6 {[%clk 0:01:13]} d5
{[%clk 0:00:30]} 27. Bf4 {[%clk 0:01:09]} Nc6 {[%clk 0:00:26]} 28. hxg6
{[%clk 0:01:09]} hxg6 {[%clk 0:00:27]} 29. Rd3 {[%clk 0:00:46]} dxc4
{[%clk 0:00:16]} 30. Rh3 {[%clk 0:00:46]} Rd3 {[%clk 0:00:16]} 31. Be3
{[%clk 0:00:41]} Rxc3 {[%clk 0:00:09]} 32. Rf4 {[%clk 0:00:39]} e5
{[%clk 0:00:03]} 33. Rfh4 {[%clk 0:00:40]} Bg7 {[%clk 0:00:04]} 34. fxg7
{[%clk 0:00:40]} Kxg7 {[%clk 0:00:05]} 35. Rh7+ Kf8 36. Bxc5+ {[%clk 0:00:39]}
1-0

[Event "Blitz 2018"]
[Site "Saint-Petersburg"]
[Date "2018.12.30"]
[Round "19"]
[Board "9"]
[White "Karjakin Sergey (RUS)"]
[Black "Jakovenko Dmitry (RUS)"]
[Result "1-0"]
[LiveChessVersion "1.4.8"]
[BlackElo "2616"]
[WhiteElo "2759"]

1. e4 {[%clk 0:03:03]} e5 {[%clk 0:03:04]} 2. Nf3 {[%clk 0:03:05]} Nc6
{[%clk 0:03:05]} 3. Bb5 {[%clk 0:03:06]} Nf6 {[%clk 0:03:06]} 4. d3
{[%clk 0:03:07]} Bc5 {[%clk 0:03:05]} 5. Ba4 {[%clk 0:03:08]} O-O
{[%clk 0:02:57]} 6. O-O {[%clk 0:03:08]} d6 {[%clk 0:02:58]} 7. c3
{[%clk 0:03:09]} Ne7 {[%clk 0:02:51]} 8. Nbd2 {[%clk 0:03:09]} Ng6
{[%clk 0:02:51]} 9. d4 {[%clk 0:03:06]} Bb6 {[%clk 0:02:52]} 10. Bc2
{[%clk 0:03:03]} Re8 {[%clk 0:02:48]} 11. Re1 {[%clk 0:03:00]} c6
{[%clk 0:02:34]} 12. h3 {[%clk 0:02:57]} h6 {[%clk 0:01:54]} 13. a4
{[%clk 0:02:56]} Be6 {[%clk 0:01:48]} 14. Nf1 {[%clk 0:02:46]} Qd7
{[%clk 0:01:46]} 15. Ng3 {[%clk 0:02:43]} Rad8 {[%clk 0:01:44]} 16. Be3
{[%clk 0:02:36]} Qc7 {[%clk 0:01:23]} 17. Qc1 {[%clk 0:02:07]} d5
{[%clk 0:00:59]} 18. Nxe5 {[%clk 0:01:41]} Nxe5 {[%clk 0:00:58]} 19. dxe5
{[%clk 0:01:42]} Qxe5 {[%clk 0:00:46]} 20. Bf4 {[%clk 0:01:35]} Bxf2+
{[%clk 0:00:38]} 21. Kxf2 {[%clk 0:01:32]} Nxe4+ {[%clk 0:00:39]} 22. Nxe4
{[%clk 0:01:28]} 1-0

[Event "Blitz 2018"]
[Site "Saint-Petersburg"]
[Date "2018.12.30"]
[Round "19"]
[Board "10"]
[White "Sjugirov Sanan (RUS)"]
[Black "Indjic Aleksandar (SRB)"]
[Result "0-1"]
[LiveChessVersion "1.4.8"]
[BlackElo "2643"]
[WhiteElo "2748"]

1. Nf3 {[%clk 0:03:02]} c5 {[%clk 0:03:03]} 2. c4 {[%clk 0:03:02]} Nf6
{[%clk 0:03:03]} 3. Nc3 {[%clk 0:03:03]} Nc6 {[%clk 0:03:03]} 4. d4
{[%clk 0:03:04]} cxd4 {[%clk 0:03:03]} 5. Nxd4 {[%clk 0:03:05]} e6
{[%clk 0:03:03]} 6. e4 {[%clk 0:03:05]} Bb4 {[%clk 0:02:26]} 7. Nxc6
{[%clk 0:03:06]} bxc6 {[%clk 0:02:24]} 8. Bd3 {[%clk 0:03:06]} e5
{[%clk 0:02:24]} 9. O-O {[%clk 0:03:05]} O-O {[%clk 0:02:24]} 10. Qe2
{[%clk 0:03:03]} d6 {[%clk 0:02:14]} 11. Na4 {[%clk 0:02:56]} h6 {[%clk 0:01:59]}
12. a3 {[%clk 0:02:45]} Ba5 {[%clk 0:02:00]} 13. c5 {[%clk 0:02:27]} d5
{[%clk 0:01:54]} 14. exd5 {[%clk 0:02:28]} Nxd5 {[%clk 0:01:50]} 15. Qxe5
{[%clk 0:02:17]} Bc7 {[%clk 0:01:51]} 16. Qd4 {[%clk 0:01:38]} Re8
{[%clk 0:01:51]} 17. Bc2 {[%clk 0:01:16]} Ba6 {[%clk 0:01:45]} 18. Rd1
{[%clk 0:01:14]} Be2 {[%clk 0:01:41]} 19. Re1 {[%clk 0:01:11]} Be5
{[%clk 0:01:33]} 20. Qd2 {[%clk 0:01:06]} Bb5 {[%clk 0:01:14]} 21. Qd1
{[%clk 0:00:57]} Bxh2+ {[%clk 0:01:06]} 22. Kxh2 {[%clk 0:00:57]} Rxe1
{[%clk 0:01:06]} 23. Qxe1 {[%clk 0:00:59]} Bxa4 {[%clk 0:01:06]} 24. Bd3
{[%clk 0:00:42]} Nf6 {[%clk 0:00:54]} 25. Qe2 {[%clk 0:00:27]} Qd4
{[%clk 0:00:54]} 26. Be3 {[%clk 0:00:25]} Qh4+ {[%clk 0:00:55]} 27. Kg1
{[%clk 0:00:26]} Re8 {[%clk 0:00:52]} 28. Qf3 {[%clk 0:00:23]} Rd8
{[%clk 0:00:33]} 29. Bf1 {[%clk 0:00:12]} Rd5 {[%clk 0:00:20]} 30. g3
{[%clk 0:00:08]} Qg4 {[%clk 0:00:18]} 31. Bg2 {[%clk 0:00:07]} Qxf3
{[%clk 0:00:10]} 32. Bxf3 {[%clk 0:00:08]} Rd8 {[%clk 0:00:11]} 33. Bf4
{[%clk 0:00:06]} Nd5 {[%clk 0:00:11]} 34. Bd6 {[%clk 0:00:08]} Bb3
{[%clk 0:00:12]} 35. Re1 {[%clk 0:00:08]} a5 {[%clk 0:00:13]} 36. Kg2
{[%clk 0:00:06]} a4 {[%clk 0:00:14]} 37. Re4 {[%clk 0:00:07]} Bc2
{[%clk 0:00:14]} 38. Rd4 {[%clk 0:00:07]} Bb3 {[%clk 0:00:15]} 39. Bd1
{[%clk 0:00:07]} Bxd1 {[%clk 0:00:15]} 40. Rxd1 {[%clk 0:00:08]} Rd7
{[%clk 0:00:16]} 41. Rd4 {[%clk 0:00:09]} Ra7 {[%clk 0:00:17]} 42. Re4
{[%clk 0:00:08]} Ra8 {[%clk 0:00:16]} 43. Kf1 {[%clk 0:00:08]} f6
{[%clk 0:00:15]} 44. Ke2 {[%clk 0:00:08]} Kf7 {[%clk 0:00:19]} 45. Kd2
{[%clk 0:00:08]} h5 {[%clk 0:00:19]} 46. Kc2 {[%clk 0:00:09]} g5 {[%clk 0:00:19]}
47. b3 {[%clk 0:00:08]} axb3+ {[%clk 0:00:18]} 48. Kxb3 {[%clk 0:00:10]} Rh8
{[%clk 0:00:17]} 49. a4 {[%clk 0:00:11]} h4 {[%clk 0:00:16]} 50. gxh4
{[%clk 0:00:12]} gxh4 {[%clk 0:00:17]} 51. a5 {[%clk 0:00:12]} h3
{[%clk 0:00:18]} 52. Bh2 {[%clk 0:00:13]} f5 {[%clk 0:00:19]} 53. Ra4
{[%clk 0:00:13]} f4 {[%clk 0:00:17]} 54. a6 {[%clk 0:00:13]} Rb8+
{[%clk 0:00:17]} 55. Ka3 {[%clk 0:00:10]} Ke6 {[%clk 0:00:17]} 56. a7
{[%clk 0:00:09]} Ra8 {[%clk 0:00:18]} 57. Kb3 {[%clk 0:00:10]} Nf6
{[%clk 0:00:14]} 58. Bxf4 {[%clk 0:00:09]} Ng4 {[%clk 0:00:15]} 59. f3
{[%clk 0:00:08]} h2 {[%clk 0:00:12]} 60. Ra1 {[%clk 0:00:09]} Rxa7
{[%clk 0:00:14]} 61. Re1+ {[%clk 0:00:10]} Kf5 {[%clk 0:00:14]} 62. Bd6
{[%clk 0:00:10]} Nf2 {[%clk 0:00:12]} 63. Bxh2 {[%clk 0:00:11]} Nd3
{[%clk 0:00:14]} 64. Re3 {[%clk 0:00:08]} Nxc5+ {[%clk 0:00:14]} 65. Kc4
{[%clk 0:00:09]} Nd7 {[%clk 0:00:15]} 66. Kb4 {[%clk 0:00:05]} Rb7+
{[%clk 0:00:17]} 67. Kc4 {[%clk 0:00:06]} Rb5 {[%clk 0:00:18]} 68. Re7
{[%clk 0:00:06]} Nb6+ {[%clk 0:00:19]} 69. Kd4 {[%clk 0:00:07]} Rd5+
{[%clk 0:00:19]} 70. Kc3 {[%clk 0:00:08]} Rc5+ {[%clk 0:00:19]} 71. Kd3
{[%clk 0:00:09]} Rd5+ {[%clk 0:00:21]} 72. Ke2 {[%clk 0:00:10]} Nc4
{[%clk 0:00:20]} 73. Rf7+ {[%clk 0:00:10]} Kg6 {[%clk 0:00:21]} 74. Rf4
{[%clk 0:00:07]} Rd2+ {[%clk 0:00:17]} 75. Ke1 {[%clk 0:00:09]} Rc2
{[%clk 0:00:16]} 76. Rg4+ {[%clk 0:00:08]} Kf5 {[%clk 0:00:17]} 77. Rf4+
{[%clk 0:00:09]} Ke6 {[%clk 0:00:18]} 78. Re4+ {[%clk 0:00:09]} Kd5
{[%clk 0:00:19]} 79. Bf4 {[%clk 0:00:10]} c5 {[%clk 0:00:20]} 80. Kd1
{[%clk 0:00:05]} Rg2 {[%clk 0:00:21]} 81. Ke1 {[%clk 0:00:06]} Nb2
{[%clk 0:00:21]} 82. Kf1 {[%clk 0:00:07]} Rc2 {[%clk 0:00:21]} 83. Be3
{[%clk 0:00:07]} Nd3 {[%clk 0:00:20]} 84. Re8 {[%clk 0:00:08]} c4
{[%clk 0:00:19]} 85. Rd8+ {[%clk 0:00:09]} Ke6 {[%clk 0:00:20]} 86. Re8+
{[%clk 0:00:09]} Kf7 {[%clk 0:00:16]} 87. Rc8 {[%clk 0:00:08]} Ne5
{[%clk 0:00:16]} 88. f4 {[%clk 0:00:07]} Ng4 {[%clk 0:00:17]} 89. Bg1
{[%clk 0:00:06]} Ke6 {[%clk 0:00:16]} 90. Rc5 {[%clk 0:00:07]} Kd6
{[%clk 0:00:14]} 91. Rg5 {[%clk 0:00:07]} Nf6 {[%clk 0:00:13]} 92. Rg6 Ke7 93.
Rg7+ {[%clk 0:00:06]} Ke6 {[%clk 0:00:16]} 94. Rg5 {[%clk 0:00:07]} Kf7
{[%clk 0:00:16]} 95. Rf5 {[%clk 0:00:06]} Ke6 {[%clk 0:00:14]} 96. Re5+
{[%clk 0:00:07]} Kd6 {[%clk 0:00:15]} 97. Bc5+ {[%clk 0:00:08]} Kd7
{[%clk 0:00:14]} 98. Bd4 {[%clk 0:00:06]} Ng4 {[%clk 0:00:14]} 99. Rd5+
{[%clk 0:00:04]} Ke6 {[%clk 0:00:14]} 100. Rd8 {[%clk 0:00:05]} Nh2+
{[%clk 0:00:14]} 101. Ke1 {[%clk 0:00:07]} Nf3+ {[%clk 0:00:16]} 102. Kd1
{[%clk 0:00:06]} Rd2+ {[%clk 0:00:17]} 103. Kc1 {[%clk 0:00:07]} Rxd4
{[%clk 0:00:18]} 104. Re8+ {[%clk 0:00:07]} Kd5 {[%clk 0:00:16]} 105. f5
{[%clk 0:00:08]} Rf4 {[%clk 0:00:17]} 106. Rf8 {[%clk 0:00:09]} Ne5
{[%clk 0:00:18]} 107. Kd2 {[%clk 0:00:09]} Rf3 {[%clk 0:00:18]} 108. f6
{[%clk 0:00:10]} Rf2+ {[%clk 0:00:17]} 109. Ke3 {[%clk 0:00:12]} Rxf6
{[%clk 0:00:18]} 0-1

[Event "Blitz 2018"]
[Site "Saint-Petersburg"]
[Date "2018.12.30"]
[Round "19"]
[Board "11"]
[White "Vitiugov Nikita (RUS)"]
[Black "Golubov Saveliy (RUS)"]
[Result "1-0"]
[LiveChessVersion "1.4.8"]
[BlackElo "2574"]
[WhiteElo "2696"]

1. d4 {[%clk 0:03:03]} Nf6 {[%clk 0:03:03]} 2. Bg5 {[%clk 0:03:04]} g6
{[%clk 0:03:03]} 3. Bxf6 {[%clk 0:03:04]} exf6 {[%clk 0:03:03]} 4. c4
{[%clk 0:03:05]} f5 {[%clk 0:03:02]} 5. Nc3 {[%clk 0:03:04]} Bg7 {[%clk 0:03:03]}
6. e3 {[%clk 0:03:04]} O-O {[%clk 0:03:03]} 7. g3 {[%clk 0:03:03]} d6
{[%clk 0:03:01]} 8. Bg2 {[%clk 0:03:03]} a5 {[%clk 0:02:59]} 9. Nge2
{[%clk 0:03:02]} Nd7 {[%clk 0:02:58]} 10. O-O {[%clk 0:03:00]} Nf6
{[%clk 0:02:58]} 11. a3 {[%clk 0:02:56]} c6 {[%clk 0:02:53]} 12. Qd3
{[%clk 0:02:50]} Qe7 {[%clk 0:02:25]} 13. b4 {[%clk 0:02:48]} Re8
{[%clk 0:02:01]} 14. b5 {[%clk 0:02:34]} Ne4 {[%clk 0:02:00]} 15. Rab1
{[%clk 0:02:28]} g5 {[%clk 0:01:17]} 16. bxc6 {[%clk 0:02:14]} bxc6
{[%clk 0:01:18]} 17. Rb6 {[%clk 0:02:15]} Qc7 {[%clk 0:00:28]} 18. Rfb1
{[%clk 0:02:15]} Nxc3 {[%clk 0:00:26]} 19. Nxc3 {[%clk 0:02:15]} Bd7
{[%clk 0:00:27]} 20. Rb7 {[%clk 0:01:58]} Qd8 {[%clk 0:00:28]} 21. Na4
{[%clk 0:01:52]} Rc8 {[%clk 0:00:10]} 22. Nb6 {[%clk 0:01:53]} Rc7
{[%clk 0:00:09]} 23. Nxd7 {[%clk 0:01:53]} Qxd7 {[%clk 0:00:10]} 24. Rxc7
{[%clk 0:01:53]} Qxc7 25. Qxf5 {[%clk 0:01:53]} h6 {[%clk 0:00:11]} 26. Qf3
{[%clk 0:01:48]} Rc8 {[%clk 0:00:12]} 27. Bh3 {[%clk 0:01:48]} Rd8
{[%clk 0:00:10]} 28. Bg2 {[%clk 0:01:41]} d5 {[%clk 0:00:07]} 29. c5
{[%clk 0:01:35]} Rb8 {[%clk 0:00:08]} 30. Qf5 {[%clk 0:01:34]} a4
{[%clk 0:00:05]} 31. Qc2 {[%clk 0:01:28]} Rxb1+ {[%clk 0:00:03]} 32. Qxb1
{[%clk 0:01:29]} Qc8 {[%clk 0:00:03]} 33. Bf1 {[%clk 0:01:28]} h5
{[%clk 0:00:03]} 34. Qb6 {[%clk 0:01:27]} h4 {[%clk 0:00:04]} 35. Qa6
{[%clk 0:01:27]} Qe6 {[%clk 0:00:03]} 36. Qxa4 {[%clk 0:01:26]} f5
{[%clk 0:00:05]} 37. Qd1 {[%clk 0:01:18]} f4 {[%clk 0:00:05]} 38. Qd3
{[%clk 0:01:12]} fxe3 {[%clk 0:00:05]} 39. Qxe3 {[%clk 0:01:13]} Qf6
{[%clk 0:00:06]} 40. a4 {[%clk 0:01:09]} Qxd4 {[%clk 0:00:06]} 41. Qe8+
{[%clk 0:01:10]} Kh7 {[%clk 0:00:07]} 42. Qxc6 {[%clk 0:01:08]} hxg3
{[%clk 0:00:08]} 43. hxg3 {[%clk 0:01:09]} Be5 {[%clk 0:00:08]} 44. Qd7+
{[%clk 0:01:05]} Kg6 {[%clk 0:00:08]} 45. Qe6+ {[%clk 0:01:06]} Kg7
{[%clk 0:00:09]} 46. Qf5 {[%clk 0:01:05]} g4 {[%clk 0:00:08]} 47. Kg2
{[%clk 0:01:04]} Qb2 {[%clk 0:00:03]} 48. c6 {[%clk 0:00:58]} Qc3
{[%clk 0:00:03]} 49. Bd3 {[%clk 0:00:55]} Bd4 {[%clk 0:00:03]} 50. Qxg4+
{[%clk 0:00:54]} Kf6 {[%clk 0:00:05]} 51. Qf5+ {[%clk 0:00:54]} Ke7
{[%clk 0:00:06]} 52. a5 {[%clk 0:00:42]} Qxa5 {[%clk 0:00:04]} 53. Qd7+
{[%clk 0:00:43]} Kf6 {[%clk 0:00:05]} 54. Qd6+ {[%clk 0:00:44]} Kf7
{[%clk 0:00:05]} 55. c7 {[%clk 0:00:42]} Qc3 {[%clk 0:00:05]} 56. Qd7+
{[%clk 0:00:38]} 1-0

[Event "Blitz 2018"]
[Site "Saint-Petersburg"]
[Date "2018.12.30"]
[Round "19"]
[Board "12"]
[White "Dreev Aleksey (RUS)"]
[Black "Nihal Sarin (IND)"]
[Result "1/2-1/2"]
[LiveChessVersion "1.4.8"]
[BlackElo "2506"]
[WhiteElo "2675"]

1. d4 {[%clk 0:03:03]} Nf6 {[%clk 0:03:03]} 2. Nf3 {[%clk 0:03:04]} d5
{[%clk 0:03:04]} 3. c4 {[%clk 0:03:06]} e6 {[%clk 0:03:05]} 4. e3
{[%clk 0:03:05]} b6 {[%clk 0:03:04]} 5. Nc3 {[%clk 0:03:04]} Bb7 {[%clk 0:03:05]}
6. Be2 {[%clk 0:02:58]} Nbd7 {[%clk 0:03:02]} 7. O-O {[%clk 0:02:54]} a6
{[%clk 0:03:03]} 8. b3 {[%clk 0:02:53]} Bd6 {[%clk 0:03:03]} 9. Bb2
{[%clk 0:02:53]} O-O {[%clk 0:03:03]} 10. Qc2 {[%clk 0:02:48]} Qe7
{[%clk 0:02:53]} 11. Rfd1 {[%clk 0:02:37]} Rac8 {[%clk 0:02:50]} 12. Rac1
{[%clk 0:02:35]} Rfe8 {[%clk 0:02:43]} 13. Qb1 {[%clk 0:02:20]} dxc4
{[%clk 0:02:34]} 14. bxc4 {[%clk 0:02:19]} e5 {[%clk 0:02:35]} 15. Qf5
{[%clk 0:01:46]} g6 {[%clk 0:02:15]} 16. Qg5 {[%clk 0:01:37]} exd4
{[%clk 0:01:44]} 17. exd4 {[%clk 0:01:38]} Ba3 {[%clk 0:01:45]} 18. Bxa3
{[%clk 0:01:32]} Qxa3 {[%clk 0:01:46]} 19. Ne5 {[%clk 0:01:30]} Kg7
{[%clk 0:01:40]} 20. h4 {[%clk 0:01:18]} Qe7 {[%clk 0:01:17]} 21. f4
{[%clk 0:01:13]} c5 {[%clk 0:00:59]} 22. Nxd7 {[%clk 0:00:47]} Qe3+
{[%clk 0:01:00]} 23. Kh2 {[%clk 0:00:46]} Nxd7 {[%clk 0:01:01]} 24. d5
{[%clk 0:00:45]} Nf6 {[%clk 0:00:53]} 25. Qg3 {[%clk 0:00:41]} Qxg3+
{[%clk 0:00:33]} 26. Kxg3 {[%clk 0:00:42]} Re3+ {[%clk 0:00:35]} 27. Bf3
{[%clk 0:00:44]} Rd8 {[%clk 0:00:28]} 28. Kf2 {[%clk 0:00:43]} Re7
{[%clk 0:00:29]} 29. Rb1 {[%clk 0:00:42]} Rd6 {[%clk 0:00:29]} 30. Na4
{[%clk 0:00:37]} Nd7 {[%clk 0:00:30]} 31. Rb2 {[%clk 0:00:36]} Ba8
{[%clk 0:00:25]} 32. Rdb1 {[%clk 0:00:32]} b5 {[%clk 0:00:26]} 33. cxb5
{[%clk 0:00:32]} axb5 {[%clk 0:00:26]} 34. Rxb5 {[%clk 0:00:33]} Bxd5
{[%clk 0:00:23]} 35. Rd1 {[%clk 0:00:28]} Ra6 {[%clk 0:00:16]} 36. Nxc5
{[%clk 0:00:13]} Rxa2+ {[%clk 0:00:16]} 37. Kg3 {[%clk 0:00:13]} Bxf3
{[%clk 0:00:12]} 38. Kxf3 {[%clk 0:00:14]} Nxc5 {[%clk 0:00:07]} 39. Rxc5
{[%clk 0:00:15]} Ree2 {[%clk 0:00:09]} 40. Rg1 {[%clk 0:00:15]} Rf2+
{[%clk 0:00:10]} 41. Kg3 {[%clk 0:00:17]} h5 {[%clk 0:00:11]} 42. Rc3
{[%clk 0:00:17]} Rfb2 {[%clk 0:00:12]} 43. Rf3 {[%clk 0:00:16]} Kf6
{[%clk 0:00:13]} 44. Re3 {[%clk 0:00:16]} Rc2 {[%clk 0:00:14]} 45. Kf3
{[%clk 0:00:12]} Ra5 {[%clk 0:00:15]} 46. Kg3 {[%clk 0:00:12]} Raa2
{[%clk 0:00:13]} 47. Kf3 {[%clk 0:00:13]} Rcb2 {[%clk 0:00:15]} 48. Kg3
{[%clk 0:00:13]} Rf2 {[%clk 0:00:15]} 49. Rf3 {[%clk 0:00:10]} Rxf3+
{[%clk 0:00:13]} 50. gxf3 {[%clk 0:00:10]} Ke5 1/2-1/2